000 01820nam0a2200349 4500
001 RU\NLR\bibl\92785
005 20260607052927.0
010 _a5-89846-039-Х
_9500
021 _aRU
_b2000-33047
_91542
035 _a(NLR Aleph) 000090663
090 _a508535
_c508535
100 _a20000616d2000 |||y0rusy50 ca
101 0 _arus
102 _aRU
105 _ay z |||||
200 1 _aГеннадий Райшев: грани творчества
_eМатериалы науч.-практ. конф., посвящ. 65-лет. юбилею худож., 17-18 нояб. 1999 г., г. Ханты-Мансийск
_f[Сост. Л.Г. Лазарева
_gРедкол.: А.В. Конев и др.]
210 _aХанты-Мансийск
_cПолиграфист
_d2000
215 _a150 с.
_d21
300 _aВ надзаг.: Гл. упр. культуры Ханты-Манс. авт. окр., Урал. гос. ун-т им. А.М. Горького
320 _aБиблиогр.: с. 63
600 1 _aРайшев
_bГ. С.
_gГеннадий Степанович
_2psbo
600 1 _aРайшев
_bГ. С.
_f1934 - 2020
_gГеннадий Степанович
_jСборники
_91404389
_3RU\NLR\auth\66591245
600 1 _aРайшев
_bГ. С.
_f1934 - 2020
_gГеннадий Степанович
_jСъезды, совещания и т.п.
_91404389
_3RU\NLR\auth\66591245
686 _aЩ143(2Р=Рус)7-8Райшев
702 1 _4220
_7ca
_8rus
_aЛазарева
_bЛ. Г.
_cканд. социол. наук
_gЛилия Георгиевна
_914402
_3RU\NLR\auth\7731392
702 1 _aКонев
_bА. В.
_4340
801 0 _aRU
_bNLR
_c20000616
_gPSBO
801 1 _aRU
_bNLR
_c20000616
852 _aNLR
_j2000-3/4521
942 _cBOOK
980 _aNB